Személyi hir

Správa o tom, že zdravotný stav Alexa (Elek) Cseha, riaditeľa-učiteľa štátnej meštianskej a vyššej obchodnej školy v Humennom sa v októbri 1912 natoľko zlepšil, že už môže byť pri ňom jeho manželka.

Bibliographic Details
Format: Article
Language:Hungarian
Subjects:
Source: 1. Felvidéki Hirlap 1. Roč. 5, č. 41 (27.10.1912) s. 2
LEADER 00984nab#a2200301#ar4500
001 000074074
003 SVKKK
005 20040604xxxxxxx.
008 06 c xo huno
FMT
038 |a SVKKK 
040 |a SVKKK  |b slo  |e AACR2 
041 0 |a hun 
044 |a xo  |c SK 
080 |a 394 
242 1 0 |a Personálna správa 
245 0 0 |a Személyi hir 
500 |a mikrofilm 
520 2 |a Správa o tom, že zdravotný stav Alexa (Elek) Cseha, riaditeľa-učiteľa štátnej meštianskej a vyššej obchodnej školy v Humennom sa v októbri 1912 natoľko zlepšil, že už môže byť pri ňom jeho manželka. 
650 0 4 |a verejný a spoločenský život - Cseh, Alex (riaditeľ-učiteľ stredoškolský) - stav zdravotný (zlepšenie) - október 1912 - správy 
773 0 |t Felvidéki Hirlap  |g Roč. 5, č. 41 (27.10.1912) s. 2 
957 |a Humenné 
958 |a DG 
958 |a SK 
974 |a Ba  |d 20040604 
992 |a RBX 
BAS
998 |a RETRO